[Event "Chessable Masters by chess24-KO"]
[Site "Online"]
[Date "2020.06.24"]
[Round "1.1"]
[White "Carlsen, Magnus"]
[Black "Caruana, Fabiano"]
[Result "1/2-1/2"]
[WhiteElo "2881"]
[BlackElo "2773"]
[Annotator "TA"]
[PlyCount "104"]
[EventDate "2020.06.20"]
[EventType "k.o."]
[SourceTitle "playchess.com"]
[Source "ChessBase"]
[SourceQuality "1"]

{[%evp 12,104,45,26,28,26,35,41,48,40,43,39,52,37,39,28,144,136,140,155,150,76,179,178,167,153,144,147,152,156,157,149,152,147,162,141,161,152,177,165,222,221,212,164,160,170,218,224,198,230,210,206,251,260,249,252,279,159,281,281,477,235,235,243,235,243,243,235,283,243,235,235,256,242,287,287,265,209,185,88,88,88,88,35,35,35,35,35,170,0,35,0,170,0,35]} 1. e4 c5 2. Nf3 d6 3. Bb5+ Nc6 4. O-O Bd7 5. Re1 Nf6 6. h3 a6 7. Bf1 g5 {B51: Sicilian: Moscow Variation (3 Bb5+) without 3...Bd7.} 8. d4 {Black must now prevent d5.} g4 9. d5 gxf3 {White is slightly better.} 10. dxc6 Bxc6 11. Qxf3 Nd7 12. Nc3 e6 13. Qg3 {[#]} Qe7 $5 $146 {[%mdl 8] [#] An interesting novelty.} (13... Nf6 $11) ({Predecessor:} 13... h5 14. Bg5 h4 15. Qe3 Be7 16. Bf4 Bf6 17. Qd2 Be5 18. Rad1 Rg8 19. Bxe5 dxe5 {1-0 (51) Mareco,S (2666)-Harsha,B (2497) Dubai 2019}) 14. Nd5 $1 $16 {[%mdl 512]} Bxd5 15. exd5 {Strongly threatening Bg5.} e5 16. b4 (16. Bg5 $142 f6 17. Bd2) 16... cxb4 (16... f5 $16) 17. Rb1 $1 $18 a5 18. a3 f5 19. axb4 a4 20. Bb5 Bg7 21. Ra1 O-O 22. Rxa4 Rac8 23. Ra7 Nf6 24. c4 Kh8 25. Qg5 Qc7 (25... Rb8 $142 26. Be3 Qc7) 26. Qxf5 Nxd5 27. Qd7 Qxd7 28. Bxd7 Rxc4 29. Be6 ({Resist} 29. Rxb7 $6 Rxb4 30. Rxb4 Nxb4 $16) 29... Rd4 30. Bxd5 $1 ({Don't take} 30. Rxb7 $6 Nxb4 31. Bb2 Nd3 $16) 30... Rxd5 31. Rxb7 Rd3 32. Be3 d5 33. Bc5 Rc8 34. b5 ({White should try} 34. Ra1 $18) 34... e4 (34... Rb3 $16 {is a better defense.} 35. Bd6 e4) 35. b6 Rc3 $2 (35... Be5 36. Be3 Rb3) 36. Rxg7 (36. Bd6 $142) 36... R3xc5 {[%mdl 4096] Endgame KRR-KRR} 37. Rd7 Rb5 38. b7 {[%cal Rb7c8]} Rb8 39. Rd1 R8xb7 40. Rxb7 ({Not} 40. R7xd5 Kg7 $16) 40... Rxb7 41. Rxd5 {KR-KR} Kg7 42. Re5 Rb4 43. g4 Kf6 44. Rh5 Rb7 45. Kg2 (45. Kf1 $18 {has better winning chances.}) 45... Re7 $16 46. Kf1 Kg6 47. Ke2 (47. Rd5 $16) 47... Rf7 $14 48. Re5 Rf4 $1 49. Re6+ Kg5 {[#]} (49... Kg7 $14) 50. Re5+ (50. Kf1 $1 $18) 50... Kg6 51. Re6+ (51. Ke3 $14 Rf3+ 52. Kxe4 Rxf2 53. h4) 51... Kg5 $18 {[#]} 52. Re5+ ({White must play} 52. Kf1 $1 $18) 52... Kg6 {White really could win this. Accuracy: White = 71%, Black = 67%.} 1/2-1/2

[Event "Chessable Masters by chess24-KO"]
[Site "Online"]
[Date "2020.06.24"]
[Round "1.1"]
[White "Ding, Liren"]
[Black "Nakamura, Hikaru"]
[Result "1/2-1/2"]
[WhiteElo "2836"]
[BlackElo "2829"]
[Annotator "TA"]
[PlyCount "127"]
[EventDate "2020.06.20"]
[EventType "k.o."]
[SourceTitle "playchess.com"]
[Source "ChessBase"]
[SourceQuality "1"]

{[%evp 18,127,12,15,27,27,17,26,55,25,33,12,31,28,35,33,34,22,32,34,48,40,29,25,34,39,42,35,39,31,12,8,23,12,37,0,35,20,17,9,88,54,55,60,91,87,104,97,98,83,99,45,81,77,76,76,87,17,20,0,0,0,0,0,54,65,58,75,68,67,102,85,132,114,245,245,246,235,285,260,230,261,188,208,249,253,274,274,225,0,0,0,0,0,0,0,0,0,0,0,0,0,0,0,0,0,0,0,0,0,0,0]} 1. d4 f5 2. g3 Nf6 3. Bg2 g6 4. Nf3 Bg7 5. O-O O-O 6. c4 d6 7. Nc3 c6 8. d5 e5 9. dxe6 Bxe6 10. b3 Re8 {A88: Dutch Defence: Leningrad System: 5 Nf3 0-0 6 0-0 d6 7 Nc3 c6.} 11. Bb2 Na6 12. Ng5 Bc8 {[#] White has an edge.} 13. e3 $146 ({Predecessor:} 13. Qd2 Qe7 14. Rad1 Rd8 15. Rfe1 h6 16. Nf3 Nc5 17. Qc2 Be6 18. Nd4 Bf7 19. b4 {1-0 (60) Gukesh,D (2563)-Hasanagic,A (2235) chess.com INT 2020}) 13... Qe7 14. Qc2 h6 15. Nf3 Be6 16. Rad1 Bf7 17. Ne2 Nc5 18. Nf4 Ng4 19. Bxg7 Kxg7 20. Qb2+ Kh7 21. Nd4 a5 22. h3 Ne5 23. h4 Qf6 24. Qc2 Kg8 25. Nfe2 Rad8 26. Nc3 a4 27. Rd2 (27. h5 {is interesting.} axb3 28. axb3 Rf8 29. hxg6 Bxg6 30. b4) 27... axb3 28. axb3 g5 (28... Ra8 $11 {keeps the balance.}) 29. Qxf5 (29. f4 {looks sharper.} gxf4 30. Rxf4 Bg6 31. Bh3 Kh8 32. Bxf5 Qg7 33. Rg2) 29... Qxf5 30. Nxf5 Nxb3 31. Rxd6 Rxd6 32. Nxd6 Rd8 33. Nxf7 Kxf7 34. hxg5 (34. Rb1 $16 Na5 35. c5) 34... hxg5 35. Rb1 Na5 36. c5 g4 {[#]} 37. Ne4 (37. Be4 $1 $16) 37... Ke6 $11 38. Bf1 Nf3+ 39. Kg2 Rh8 {[%csl Gf3][%cal Rh8h2]} 40. Bd3 Ke5 ({Better is} 40... Nb3 $1 $11 41. Rh1 (41. Rxb3 $2 Rh2+ 42. Kf1 Rh1+ 43. Kg2 Rg1#) 41... Rxh1 42. Kxh1 Kd5) 41. Kf1 $1 $14 {[%cal Rf1e2]} Rh1+ 42. Ke2 Rxb1 43. Bxb1 $16 {[%mdl 4096] Endgame KBN-KNN} Nb3 44. Kd3 Nc1+ 45. Kc4 Ne2 {[#]} (45... Ke6 $16 {was called for.} 46. Kc3 Kd5 47. Nf6+ Kxc5) 46. Kb4 $1 $18 Nc1 47. Ka5 Ne1 48. Kb6 Ned3 49. Nc3 ({And not} 49. Kxb7 Kxe4 50. Kxc6 Kf3 $11) 49... Nxf2 50. Kxb7 Nh1 51. Ne4 (51. Kxc6 Nxg3 52. Kb5 Nce2 $16) 51... Ne2 52. Kxc6 Nexg3 53. Nxg3 $2 (53. Nd2 $18 Nf2 54. Nc4+ Ke6 55. Kb7) 53... Nxg3 {KB-KN. The position is equal.} 54. Kb6 {aiming for c6.} Ne4 {Threatens to win with ...Nxc5!} 55. Bxe4 Kxe4 $11 {KPP-KP} 56. c6 {White wants to mate with c7.} g3 57. c7 g2 58. c8=Q {Threatening mate with Qg4+.} g1=Q 59. Qe6+ Kf3 60. Qf5+ Ke2 61. Qc2+ Kf3 62. Qf5+ Ke2 63. Qc2+ Kf3 64. Qf5+ {Black defended with fortune. Accuracy: White = 85%, Black = 75%.} 1/2-1/2

[Event "Chessable Masters by chess24-KO"]
[Site "Online"]
[Date "2020.06.24"]
[Round "1.1"]
[White "Nakamura, Hikaru"]
[Black "Ding, Liren"]
[Result "1/2-1/2"]
[WhiteElo "2829"]
[BlackElo "2836"]
[Annotator "TA"]
[PlyCount "96"]
[EventDate "2020.06.20"]
[EventType "k.o."]
[SourceTitle "playchess.com"]
[Source "ChessBase"]
[SourceQuality "1"]

{[%evp 9,96,18,14,20,18,10,10,2,2,7,18,0,0,0,-15,0,-7,-37,0,0,0,0,22,0,0,0,25,-8,0,0,0,0,0,-8,0,-27,-25,-29,-16,-20,-18,-10,-8,-45,-41,-98,-92,-106,-53,-83,-83,-82,-81,-82,-78,-80,-54,-56,0,0,0,0,0,-77,-77,-72,-45,-37,-10,-11,-10,-71,8,8,8,0,0,-6,-6,-6,-7,-8,-8,-8,0,0,0,-78,-78]} 1. e4 e5 2. Nf3 Nc6 3. Bb5 Nf6 4. d3 Bc5 5. Bxc6 dxc6 6. O-O {C65: Ruy Lopez: Berlin Defence (3...Nf6), unusual lines and 4 0-0 Bc5.} Nd7 7. Nbd2 {7.c3 might become the main line. Played by Hikaru Nakamura in April 2020.} O-O 8. Nc4 {The position is equal.} Re8 9. a4 f6 (9... a5 10. h4 b6 11. Be3 Bf8 12. g3 f6 13. Bd2 Nc5 14. Ne3 Ne6 15. h5 c5 16. Nh4 Nd4 17. Bc3 Bh3 18. Re1 Be6 19. Kg2 {½-½ (56) Nakamura,H (2736)-Ding,L (2791) chess24.com INT 2020}) 10. Be3 Bf8 11. Nfd2 Nc5 12. f4 exf4 {[#]} 13. Bxf4 $146 ({Predecessor:} 13. Rxf4 Be6 14. Qe2 Bf7 15. Qf2 Ne6 16. Rh4 c5 17. Nf3 Qd7 18. Rf1 Bg6 19. Rh3 {1-0 (27) Boruchovsky,A (2565)-Vrolijk,L (2425) Tarvisio 2017}) 13... Be6 14. Ne3 Qd7 15. Kh1 Rad8 16. Nf3 Bf7 17. Qe1 Ne6 18. Bg3 c5 19. b3 Nd4 20. Qf2 b6 21. a5 b5 22. Nxd4 cxd4 23. Nf5 a6 24. Bf4 c5 25. g4 Be6 26. h4 h5 27. Bd2 (27. Qg2 $15) 27... hxg4 $17 28. Qg3 g6 (28... c4 $17 29. Qxg4 cxb3 30. cxb3 Rc8) 29. Nh6+ {[%mdl 64] Discovered Attack} Kh7 30. h5 {Threatens to win with hxg6+.} g5 $1 ({Reject} 30... gxh5 $6 31. Qh4 $11) 31. Nf5 c4 32. bxc4 bxc4 33. Rab1 $1 c3 (33... Rc8 $15) 34. Be1 $11 Qa4 {White must now prevent ...Bxf5.} 35. Qf2 Qd7 36. Ng3 (36. Rb6 $11) 36... Be7 $17 37. Rb6 {[#]} Rb8 $1 38. Rxa6 Ra8 39. Rxa8 Rxa8 40. Ne2 {[#]} (40. Nf5 $11 g3 41. Qxg3) 40... Rxa5 (40... g3 $1 $17 {[%cal Rg3f2]} 41. Qxd4 g2+ {[%mdl 64] Decoy} 42. Kxg2 Bh3+ 43. Kg1 Qxd4+ 44. Nxd4 Bxf1 45. Kxf1 Bb4) 41. Qxd4 $11 Ra2 42. Qxd7 Bxd7 43. Nd4 Kh6 44. Bxc3 Kxh5 45. Rb1 {Strongly threatening Rb7.} Bc5 46. Rb7 Bxd4 47. Bxd4 Bc6 48. Rh7+ (48. Rg7 $11 {remains equal.}) 48... Kg6 {Accuracy: White = 78%, Black = 83%.} 1/2-1/2

[Event "Chessable Masters by chess24-KO"]
[Site "Online"]
[Date "2020.06.24"]
[Round "1.1"]
[White "Grischuk, Alexander"]
[Black "Giri, Anish"]
[Result "1/2-1/2"]
[WhiteElo "2784"]
[BlackElo "2731"]
[Annotator "TA"]
[PlyCount "84"]
[EventDate "2020.06.20"]
[EventType "k.o."]
[SourceTitle "playchess.com"]
[Source "ChessBase"]
[SourceQuality "1"]

{[%evp 9,84,-9,-10,-10,-8,-14,4,12,4,0,0,0,2,-22,-26,-30,-22,-19,1,-12,0,-8,-6,-31,-23,-24,-11,-1,-14,-18,0,-5,0,0,0,0,0,0,0,0,0,0,0,0,21,-7,31,24,18,16,25,-7,6,6,6,0,0,0,0,0,8,16,12,5,32,12,11,0,0,0,24,20,22,20,18,16,14]} 1. c4 e5 2. d3 Bb4+ 3. Nd2 c5 {[#]} 4. g3 $146 ({Predecessor:} 4. a3 Ba5 5. g3 Nc6 6. Bg2 Nge7 7. Ngf3 O-O 8. O-O d6 9. b4 cxb4 10. Nb3 Bc7 11. axb4 Nxb4 {½-½ (21) Le,Q (2714)-Popov,I (2592) St Petersburg 2018}) 4... Nc6 5. Bg2 Nge7 6. Ngf3 {A20: English Opening: 1...e5.} O-O 7. O-O d6 8. Nb3 Na5 9. Nfd2 Bxd2 10. Nxd2 {[%cal Bb3d2,Bd2e4,Be4g5,Bg5f3,Bf3h4][%mdl 32]} Nac6 11. b3 Be6 12. Bb2 Qd7 13. Ne4 b6 14. Ng5 Bg4 15. h3 Bh5 16. g4 Bg6 17. f4 f6 18. Nf3 exf4 19. Qd2 Qe6 20. Nh4 Qe3+ 21. Qxe3 fxe3 22. Rf3 Bf7 23. Rxe3 d5 24. Nf5 Nxf5 25. gxf5 Rad8 26. Kf2 Rd7 (26... d4 $5 {[%cal Rd4e3]} 27. Rg3 Ne5 $11) 27. Rf1 Rc8 28. Rg3 {[#] aiming for Bxf6.} Kf8 29. Rg1 {Strongly threatening Bf3.} Ne7 30. Rf3 dxc4 31. bxc4 a6 32. a4 b5 33. axb5 axb5 34. cxb5 Rb7 35. Rc1 Rxb5 36. Ba3 Ke8 37. Rf4 Ra5 38. Bb2 c4 39. dxc4 Rac5 40. Ba3 Rxc4 {The position is equal.} 41. Rcxc4 Rxc4 42. Rxc4 Bxc4 {An uneventful encounter. Accuracy: White = 94%, Black = 94%.} 1/2-1/2

[Event "Chessable Masters by chess24-KO"]
[Site "Online"]
[Date "2020.06.24"]
[Round "1.1"]
[White "Nepomniachtchi, Ian"]
[Black "Artemiev, Vladislav"]
[Result "1-0"]
[WhiteElo "2778"]
[BlackElo "2769"]
[Annotator "ChessBase"]
[PlyCount "117"]
[EventDate "2020.06.20"]
[EventType "k.o."]
[SourceTitle "playchess.com"]
[Source "ChessBase"]
[SourceQuality "1"]
[TimeControl "900+10"]

1. e4 {[%emt 0:00:00]} c5 {[%emt 0:00:00]} 2. Nf3 {[%emt 0:00:00]} a6 {[%emt 0:00:00]} 3. c3 {[%emt 0:00:06]} d5 {[%emt 0:00:00]} 4. exd5 {[%emt 0:00:06]} Qxd5 {[%emt 0:00:00]} 5. d4 {[%emt 0:00:05]} Nf6 {[%emt 0:00:00]} 6. c4 {[%emt 0:01:44]} Qe4+ {[%emt 0:00:07]} 7. Be2 {[%emt 0:03:20]} cxd4 {[%emt 0:00:02]} 8. Qxd4 {[%emt 0:00:55]} Qxd4 {[%emt 0:01:19]} 9. Nxd4 {[%emt 0:00:00]} e5 {[%emt 0:00:02]} 10. Nf3 {[%emt 0:00:08]} Nc6 {[%emt 0:00:17]} 11. Nc3 {[%emt 0:00:06]} e4 {[%emt 0:02:00]} 12. Nd2 {[%emt 0:00:26]} Bf5 {[%emt 0:00:44]} 13. O-O {[%emt 0:00:10]} Nd4 {[%emt 0:01:14]} 14. Bd1 {[%emt 0:00:02]} O-O-O {[%emt 0:00:21]} 15. Nb3 {[%emt 0:00:04]} Be6 {[%emt 0:01:10]} 16. Nxd4 {[%emt 0:00:57]} Rxd4 {[%emt 0:00:02]} 17. b3 {[%emt 0:00:46]} Rd3 {[%emt 0:01:04]} 18. Na4 {[%emt 0:01:32]} b5 {[%emt 0:02:00]} 19. Nb2 {[%emt 0:00:06]} bxc4 {[%emt 0:00:02]} 20. Nxc4 {[%emt 0:02:05]} Bxc4 {[%emt 0:00:10]} 21. bxc4 {[%emt 0:00:00]} Bc5 {[%emt 0:00:06]} 22. Bc2 {[%emt 0:00:16]} Rc3 {[%emt 0:00:21]} 23. Bb3 {[%emt 0:00:01]} Rd3 {[%emt 0:04:17]} 24. Bc2 {[%emt 0:00:25]} Rd7 {[%emt 0:00:23]} 25. h3 {[%emt 0:00:18]} Re8 {[%emt 0:00:32]} 26. Ba4 {[%emt 0:00:15]} Re6 {[%emt 0:01:08]} 27. Bxd7+ {[%emt 0:00:05]} Nxd7 {[%emt 0:00:00]} 28. Be3 {[%emt 0:00:30]} Rc6 {[%emt 0:00:16]} 29. Bxc5 {[%emt 0:00:15]} Nxc5 {[%emt 0:00:03]} 30. f3 {[%emt 0:00:47]} f6 {[%emt 0:00:12]} 31. Rad1 {[%emt 0:00:14]} Kc7 {[%emt 0:00:13]} 32. fxe4 {[%emt 0:00:37]} Nxe4 {[%emt 0:00:01]} 33. Rd4 {[%emt 0:00:01]} Nc5 {[%emt 0:00:16]} 34. Re1 {[%emt 0:00:06]} Ne6 {[%emt 0:00:02]} 35. Rh4 {[%emt 0:01:12]} h6 {[%emt 0:00:05]} 36. Rhe4 {[%emt 0:00:01]} Kd7 {[%emt 0:00:04]} 37. h4 {[%emt 0:00:00]} h5 {[%emt 0:00:58]} 38. Kh2 {[%emt 0:00:17]} g6 {[%emt 0:00:10]} 39. Kg3 {[%emt 0:00:19]} Rd6 {[%emt 0:00:09]} 40. R1e3 {[%emt 0:00:11]} Nd4 {[%emt 0:00:10]} 41. Ra3 {[%emt 0:00:20]} Nf5+ {[%emt 0:00:53]} 42. Kh2 {[%emt 0:00:02]} Rc6 {[%emt 0:00:36]} 43. c5 {[%emt 0:00:05]} Kc7 {[%emt 0:00:10]} 44. Ra5 {[%emt 0:00:13]} Kb7 {[%emt 0:00:17]} 45. Kh3 {[%emt 0:00:04]} Kc7 {[%emt 0:00:03]} 46. Re8 {[%emt 0:00:51]} Kb7 {[%emt 0:00:08]} 47. Rg8 {[%emt 0:00:08]} Ne7 {[%emt 0:00:03]} 48. Rg7 {[%emt 0:00:01]} Re6 {[%emt 0:00:01]} 49. Ra3 {[%emt 0:00:22]} Kc7 {[%emt 0:00:13]} 50. Rb3 {[%emt 0:00:19]} Re1 {[%emt 0:00:41]} 51. Rb6 {[%emt 0:00:29]} Kd8 {[%emt 0:00:01]} 52. Kh2 {[%emt 0:00:05]} Re4 {[%emt 0:00:10]} 53. Rxf6 {[%emt 0:00:17]} Rxh4+ {[%emt 0:00:01]} 54. Kg1 {[%emt 0:00:01]} Re4 {[%emt 0:00:02]} 55. Rxa6 {[%emt 0:00:06]} Re5 {[%emt 0:00:10]} 56. Ra8+ {[%emt 0:00:08]} Kd7 {[%emt 0:00:02]} 57. Ra7+ {[%emt 0:00:01]} Kd8 {[%emt 0:00:09]} 58. c6 {[%emt 0:00:02]} h4 {[%emt 0:00:11]} 59. Rh7 {[%emt 0:00:15]} 1-0

[Event "Chessable Masters by chess24-KO"]
[Site "Online"]
[Date "2020.06.24"]
[Round "1.1"]
[White "Caruana, Fabiano"]
[Black "Carlsen, Magnus"]
[Result "0-1"]
[WhiteElo "2773"]
[BlackElo "2881"]
[Annotator "TA"]
[PlyCount "128"]
[EventDate "2020.06.20"]
[EventType "k.o."]
[SourceTitle "playchess.com"]
[Source "ChessBase"]
[SourceQuality "1"]

{[%evp 9,128,17,29,18,24,13,0,0,14,5,8,-7,-6,-10,-11,-13,27,22,22,22,37,29,26,11,27,19,37,20,29,8,7,5,8,0,10,-3,-4,-2,0,-12,-12,-18,-15,-16,-14,-16,-17,-17,-17,-18,-20,-18,-22,-18,-22,-33,-34,-35,-35,-35,-35,-35,-35,-35,-35,-93,-93,-85,-78,-78,-78,-78,-78,-78,-78,-78,-78,-78,-78,-93,-93,-93,-93,-93,-93,-93,-93,-93,-93,-93,-93,-93,-93,-464,-464,-1952,-1215,-1895,-1871,-1502,-1333,-5726,-5422,-2036,-4296,-5427,-4952,-29954,-10118,-29977,-29978,-29978,-29979,-29983,-29984,-29984,-29985,-29984,-29982,-29981,-29983]} 1. e4 e5 2. Nf3 Nc6 3. Bc4 Bc5 4. c3 Nf6 5. d3 d6 6. a4 {C54: Giuoco Piano: 4 c3 Nf6, main lines with 5 d4 and 5 d3.} a5 7. O-O h6 8. Re1 {The position is equal.} (8. Na3 Bxa3 9. Rxa3 O-O 10. Re1 Re8 11. h3 Be6 12. Bb5 Bd7 13. Be3 Ne7 14. Bc4 Ng6 15. Qb3 Be6 16. Bxe6 Rxe6 17. Qxb7 Rb8 18. Qa6 Rxb2 19. Qxa5 {1-0 (38) Caruana,F (2804)-Carlsen,M (2855) Paris 2016}) 8... O-O 9. h3 Be6 10. Bb5 Na7 11. d4 exd4 12. cxd4 {[#]} Nxb5 $146 ({Predecessor:} 12... Bb4 13. Bd2 Nxb5 14. axb5 d5 15. e5 Nd7 16. Na3 Nb6 17. Bxb4 axb4 18. Nc2 Rxa1 19. Nxa1 {0-1 (35) Krause,B (2453)-Nyback,T (2572) Germany 2017}) 13. dxc5 Na7 14. cxd6 Qxd6 15. Qxd6 cxd6 16. Nc3 Nc6 17. Bf4 d5 18. e5 Ne4 19. Nxe4 dxe4 20. Rxe4 Rfd8 21. Rc1 Rd3 22. Re3 Rad8 23. Rxd3 Rxd3 24. Be3 Rb3 25. Nd4 Nxd4 26. Bxd4 $11 {[%mdl 4096] Endgame KRB-KRB} Rb4 27. Bc3 Rxa4 28. g4 b5 {[%cal Bb7b5,Bb5b4][%mdl 32]} 29. Kg2 b4 30. Bd4 b3 31. Bc3 Ra2 32. Rd1 a4 33. Kf3 a3 34. Rd2 axb2 35. Bxb2 g5 36. Ke3 Kh7 37. f4 (37. Kd3 $15) 37... gxf4+ $17 38. Kxf4 Kg6 39. h4 h5 40. gxh5+ Kxh5 41. Rh2 Ra4+ 42. Ke3 Kg4 43. h5 Kg3 $1 {[%cal Rg3h2]} 44. Rh1 {[#]} Kg2 $1 {[%cal Rg2h1]} 45. Rd1 Rh4 46. Rd2+ Kg3 47. Rd8 Rxh5 48. Rg8+ Kh3 49. Kd2 Rf5 {Strongly threatening ...Rf2+.} 50. Bd4 Rf3 51. Be3 $2 {[%mdl 8192] [#] This move loses the game for White.} (51. Ke2 $17 {is more resistant.} Bg4 52. Kd2) 51... f5 $1 $19 52. Re8 (52. Rg6 $142 f4 53. Bd4) 52... f4 {aiming for ...b2.} 53. Bd4 Bc4 54. Kc1 Rd3 55. Ba7 Rc3+ 56. Kb1 Rc2 57. Rc8 Kg4 58. Rc6 Bd3 {( -> ...Rh2+)} 59. Rxc2 bxc2+ {KB-KB. Black mates.} 60. Kc1 Kf5 61. Bb8 f3 62. Ba7 Kxe5 63. Kd2 Kf4 64. Be3+ Kg3 {Accuracy: White = 76%, Black = 98%.} 0-1

[Event "Chessable Masters by chess24-A"]
[Site "Online"]
[Date "2020.06.18"]
[Round "1.1"]
[White "Artemiev, Vladislav"]
[Black "Harikrishna, Pentala"]
[Result "1-0"]
[WhiteElo "2769"]
[BlackElo "2690"]
[Annotator "TA"]
[PlyCount "79"]
[EventDate "2020.06.20"]
[EventType "tourn"]
[SourceTitle "playchess.com"]
[Source "ChessBase"]
[SourceQuality "1"]

{[%evp 17,79,5,12,0,0,0,-2,-11,13,17,18,18,14,19,24,10,10,10,9,9,25,10,16,0,0,0,58,68,94,83,98,91,101,102,96,87,106,109,108,104,197,197,231,228,211,210,276,291,271,276,422,415,525,496,447,418,547,537,601,597,583,530,584,558]} 1. Nf3 Nf6 2. c4 c5 3. Nc3 Nc6 4. d4 cxd4 5. Nxd4 e6 6. e4 Bb4 7. Nxc6 bxc6 8. Bd3 e5 9. O-O O-O 10. h3 {10.Qe2 is setting a new trend. B44: Sicilian: Taimanov: 5 Nb5.} d6 11. Be3 Bxc3 12. bxc3 {The position is equal.} Nd7 {[#]} 13. Qd2 $146 ({Predecessor:} 13. Qa4 Nc5 14. Bxc5 dxc5 15. Qxc6 Bxh3 16. Rfd1 Qg5 17. Bf1 Bg4 18. Rd5 Rac8 19. Qd6 {1-0 (59) Vishnu,P (2538)-Thybo,J (2464) Lund 2017}) 13... Nc5 14. Bc2 Be6 15. Rfd1 Nb7 16. c5 dxc5 17. Qxd8 Rfxd8 18. Rxd8+ Rxd8 19. Rb1 $36 {[%mdl 2048] White has good play.} Nd6 20. a4 Nc4 21. Bxc5 a5 (21... h6 $11) 22. Be7 $14 Rc8 {White leaves nothing to chance now.} 23. Rb7 h6 24. Kf1 c5 25. Ke1 Rc6 26. Rb5 Na3 27. Rb8+ Kh7 28. Bb3 Bxb3 (28... Nc4 $16) 29. Rxb3 $16 {[%mdl 4096] Endgame KRB-KRN} Nc4 30. Rb5 Rc7 31. Bxc5 ({But not} 31. Rxc5 $6 Rxc5 32. Bxc5 Kg6 $16) 31... f6 32. Ke2 Rd7 {[#] intending ...Rd2+.} 33. Be3 $1 Rc7 (33... Kg6 $142 34. Rc5 Nxe3 35. Kxe3 Ra7) 34. Kd3 $18 Nxe3 35. fxe3 {KR-KR} Rd7+ 36. Kc2 Kg6 37. Rxa5 {White is clearly winning.} Kg5 38. g3 h5 39. Rd5 Rc7 40. a5 {Accuracy: White = 100%, Black = 58%.} 1-0

[Event "Chessable Masters by chess24-KO"]
[Site "Online"]
[Date "2020.06.24"]
[Round "1.1"]
[White "Artemiev, Vladislav"]
[Black "Nepomniachtchi, Ian"]
[Result "1/2-1/2"]
[WhiteElo "2769"]
[BlackElo "2778"]
[Annotator "TA"]
[PlyCount "105"]
[EventDate "2020.06.20"]
[EventType "k.o."]
[SourceTitle "playchess.com"]
[Source "ChessBase"]
[SourceQuality "1"]

{[%evp 20,104,10,2,0,-43,27,8,4,4,8,6,6,6,6,9,56,57,99,93,129,151,150,124,127,112,121,121,115,104,107,115,103,88,85,87,86,92,100,105,211,185,216,208,213,189,194,143,173,110,285,78,88,77,80,60,77,77,79,0,80,79,79,0,0,0,0,0,0,0,0,0,0,0,0,0,0,0,0,0,0,0,0,0,0,0,0]} 1. Nf3 c5 2. c4 Nc6 3. Nc3 Nf6 4. e3 g6 5. d4 cxd4 6. exd4 d5 7. cxd5 Nxd5 8. Bc4 Nxc3 9. bxc3 Bg7 10. O-O O-O 11. Re1 Bg4 {D94: Grünfeld: 4 Nf3 Bg7 5 e3.} 12. Bg5 $5 {[%mdl 4] Leaves trodden paths.} Qc7 {[#]} (12... Qa5 $15 13. Bd2 (13. Bxe7 Nxe7 14. Rxe7 Rac8 $11) 13... Bxf3 14. gxf3 a6) 13. h3 $146 (13. Be2 {is interesting.} Rfd8 14. Qd2 f6 15. Be3 e5 16. Ng5) ({Predecessor:} 13. Bb3 e6 14. h3 Bxf3 15. Qxf3 Rac8 16. Bf4 Qd7 17. d5 exd5 18. Bxd5 Ne7 19. Bxb7 Rxc3 {1-0 (33) Charbonneau,P (2485)-Morovic Fernandez,I (2583) Kansas 2003}) 13... Bxf3 14. Qxf3 Nxd4 15. cxd4 {Strongly threatening Rac1.} Qxc4 16. Bxe7 Rfe8 $132 {[%mdl 2048] Black is not holding back} 17. Rad1 Qc7 18. Qa3 $1 b5 19. d5 $1 {[%cal Bd4d5,Bd5d6][%mdl 32]} a5 20. d6 Qd7 21. Qc5 Rac8 22. Qd5 Bf8 {[#]} 23. Bxf8 $1 Kxf8 24. Re5 Rxe5 25. Qxe5 $16 {[%cal Re5h8][%mdl 4096] Endgame KQR-KQR} Kg8 26. Re1 Qe6 27. Qxe6 fxe6 {KR-KR} 28. Re5 Rc1+ 29. Kh2 Rd1 (29... b4 $16) 30. Rxb5 $18 Rxd6 31. Rxa5 Kg7 32. Kg3 Kf6 33. Kf4 (33. a4 $18) 33... h5 34. Ke3 ({White should play} 34. a4 $18) 34... e5 $2 (34... Rd1 $16 {was necessary.} 35. h4 Re1+ 36. Kf3 e5) 35. h4 $2 (35. a4 $18 {is more deadly.}) 35... Rd1 36. a4 Re1+ 37. Kd3 Rd1+ 38. Ke2 Ra1 39. Ra8 ({Better is} 39. Kf3 $16) 39... Ra2+ (39... Kf5 $1 $11 {keeps the balance.}) 40. Ke3 Kf5 {[#]} 41. a5 (41. f3 $1 $16) 41... Ra3+ $11 {The position is equal.} 42. Kd2 Kg4 43. Ra6 Kxh4 44. Rxg6 {And now a6 would win.} Rxa5 45. Ke3 Ra3+ 46. Ke4 Ra4+ 47. Kxe5 Re4+ 48. Kd6 Rd4+ 49. Ke7 Rd7+ 50. Ke6 {g3+ would kill now.} Rd6+ 51. Kf7 Rd7+ 52. Kg8 Rg7+ 53. Kxg7 {White really could win this. Accuracy: White = 79%, Black = 69%.} 1/2-1/2